ARRUPE JESUIT UNIVERSITY

CORONAVIRUS -STOP THE SPREAD - CLEAN,DISINFECT,COVER

Forgiveness (Record no. 125004)

MARC details
000 -LEADER
fixed length control field 00447nam a22001337a 4500
008 - FIXED-LENGTH DATA ELEMENTS--GENERAL INFORMATION
fixed length control field 160816b xxu||||| |||| 00| 0 eng d
050 ## - LIBRARY OF CONGRESS CALL NUMBER
Classification number BX2265.2.K82
100 ## - MAIN ENTRY--PERSONAL NAME
Personal name Konstant, David and Dodgson, Dolores
9 (RLIN) 25039
245 ## - TITLE STATEMENT
Title Forgiveness
Remainder of title : the sacrament of penance today
Statement of responsibility, etc / David Konstant and Dolores Dodgson
260 ## - PUBLICATION, DISTRIBUTION, ETC. (IMPRINT)
Place of publication, distribution, etc Great Wakering
Name of publisher, distributor, etc Mayhew-McCrimmon
Date of publication, distribution, etc 1976
300 ## - PHYSICAL DESCRIPTION
Extent 96p.;
Dimensions 18cm.
650 ## - SUBJECT ADDED ENTRY--TOPICAL TERM
Topical term or geographic name as entry element confesion
9 (RLIN) 25040
942 ## - ADDED ENTRY ELEMENTS (KOHA)
Source of classification or shelving scheme Library of Congress Classification
Item type Monograph ( Printed materials)
Holdings
Withdrawn status Lost status Source of classification or shelving scheme Damaged status Not for loan Collection code Home library Current library Shelving location Date acquired Total Checkouts Full call number Barcode Date last seen Price effective from Koha item type
    Library of Congress Classification     Main Collection ARRUPE LIBRARY ARRUPE LIBRARY Main Collection 16/08/2016   BX2265.2.K82 46500010442 22/11/2017 16/08/2016 Monograph ( Printed materials)

 

Arrupe Library. PO Box MP320 Mt Pleasant, Harare, Zimbabwe
263 242 745411|librarian@aju.ac.zw